Pink Floyd - The Dark Side of the Moon (Tracks) - Statistics

General Stats
  • This quiz has been taken 132 times
  • The average score is 8 of 10
Answer Stats
Track Number Track Name % Correct
4 Time
96%
6 Money
95%
2 Breathe (In the Air)
94%
9 Brain Damage
88%
10 Eclipse
87%
5 The Great Gig in the Sky
86%
7 Us and Them
85%
3 On the Run
71%
8 Any Colour You Like
70%
1 Speak to Me
65%
No matching quizzes found
Score Distribution
Percent of People with Each Score
Percentile by Number Answered
Your Score History
You have not taken this quiz